Flags of the Middle East - Statistics

General Stats
  • This quiz has been taken 44 times
  • The average score is 14 of 17
Answer Stats
Picture Answer % Correct
Saudi Arabia
100%
Lebanon
96%
Qatar
96%
Turkey
96%
Cyprus
93%
Egypt
89%
Iran
89%
Iraq
89%
Israel
89%
United Arab Emirates
89%
Bahrain
85%
Syria
85%
Jordan
81%
Yemen
81%
Oman
78%
Kuwait
70%
Palestinian Territories
7%
No matching quizzes found
Score Distribution
Percent of People with Each Score
Percentile by Number Answered
Your Score History
You have not taken this quiz